000 00636nam 22002173 4500
001 201744
010 _a972-610-134-4
021 _aPT
_b127582/98
090 _a201744
100 _a20260413d u||y0pory50 ba
200 _aCarlos de Oliveira e a referência em poesia
_fRosa Maria Martelo
205 _a
210 _aPorto
_cCampo das Letras
_d1998
215 _a431 p.
_cbrochado
_d24 cm
225 _aCampo da literatura/Ensaio
_h22
606 _93661
_aCrítica Literária.Estudos Literários
675 _a82.09
_vPT
_zpor
700 _917104
_a Martelo
_bRosa Maria
_f1957-
801 _aPT
_bBMMN
_gRPC
830 _cVanda
990 _cLIVROS